Industrial organisation and engineering economics (Record no. 2486)

000 -LEADER
fixed length control field 00552nam a2200205 4500
001 - CONTROL NUMBER
control field 2486
003 - CONTROL NUMBER IDENTIFIER
control field BD-DhUET
008 - FIXED-LENGTH DATA ELEMENTS--GENERAL INFORMATION
fixed length control field 140923b xxu||||| |||| 00| 0 eng d
020 ## - INTERNATIONAL STANDARD BOOK NUMBER
International Standard Book Number 8174090789
040 ## - CATALOGING SOURCE
Transcribing agency 0
Modifying agency BD-BhUET
082 ## - DEWEY DECIMAL CLASSIFICATION NUMBER
Classification number 658.15
Item number BAN/2007
100 ## - MAIN ENTRY--PERSONAL NAME
Personal name Banga, T. R.
245 ## - TITLE STATEMENT
Title Industrial organisation and engineering economics
Statement of responsibility, etc. by T. R. Banga and S. C. Sharma
250 ## - EDITION STATEMENT
Edition statement 24th ed.
260 ## - PUBLICATION, DISTRIBUTION, ETC. (IMPRINT)
Place of publication, distribution, etc. Delhi
Name of publisher, distributor, etc. Khanna Publishers
Date of publication, distribution, etc. 2007
300 ## - PHYSICAL DESCRIPTION
Extent xvii,1159p.
650 #0 - SUBJECT ADDED ENTRY--TOPICAL TERM
Topical term or geographic name as entry element Engineering economy
700 ## - ADDED ENTRY--PERSONAL NAME
Personal name Sharma, S. C.
942 ## - ADDED ENTRY ELEMENTS (KOHA)
Koha item type General Book
Holdings
Sublocation or collection (holding branch) Shelving location Damaged status Copy number Koha item type Date acquired Source of classification or shelving scheme Withdrawn status Piece designation (barcode) Koha full call number Price effective from Koha normalized classification for sorting Koha date last seen Lost status Not for loan Location (home branch)
Central Library, BUETCirculation section 1General Book2014-09-23  106833658.15/BAN/20072014-09-23658_000000000000000_15BAN20072014-09-23  Central Library, BUET
Central Library, BUETCirculation section 2General Book2014-09-23  106834658.15/BAN/20072014-09-23658_000000000000000_15BAN20072014-09-23  Central Library, BUET